000 00782nam a22002412 4500
001 0000004417
005 20151217154348.0
008 070523s xx 000 0 eng d
020 _a0130182656 :
_cKES 5,590
040 _aKABU
_cKABU
050 0 _aQA184
_b.K65 2001
100 1 _aKolman, Bernard,
_d1932-.
_@0000154965
245 1 0 _aIntroductory linear algebra with applications /
_cBernard Kolman, David Ross Hill.
250 _a7th ed.
260 _aUpper Saddle River, NJ :
_bPrentice Hall,
_cc2001.
300 _axvi, 577, 68, 10 p. :
_bill. ;
_c27 cm.
500 _aIncludes index.
650 0 _aAlgebras, Linear.
_@0000154658
700 1 _aHill, David Ross.
_@0000154966
908 _a070523
950 _@1
999 _c10765
_d10765